000 00334nam a2200121Ia 4500
008 220204s9999 xx 000 0 und d
082 _a57.087.3:616
_bBUR
100 _aBURTON, Alexis L
245 0 _aCinematographic techniques in biology and medicine.
260 _aNew York
_bAcademic
_c1971
650 _aCinematography
942 _cBK
999 _c23912
_d23912